Comprehensive Nuclear Materials : Volume 5 : Material Performance and Corrosion/Waste Materials /
Saved in:
| Other Authors: | , , , |
|---|---|
| Format: | Book |
| Language: | English |
| Published: |
Amsterdam :
Elsevier,
2012
|
| Tags: |
No Tags, Be the first to tag this record!
|
MARC
| LEADER | 00000nam a22000003a 4500 | ||
|---|---|---|---|
| 001 | 0106890 | ||
| 003 | SK-STU | ||
| 005 | 20231211102340.7 | ||
| 007 | ta | ||
| 008 | 231211s ----xo-----e------000-0-----d | ||
| 020 | |a 978-0-08-056027-4 | ||
| 040 | |a STU |b slo | ||
| 041 | 0 | |a eng | |
| 044 | |a ne | ||
| 100 | 1 | |a Konings, Rudy J. M. |4 edt | |
| 245 | 1 | 0 | |a Comprehensive Nuclear Materials : |b Volume 5 : Material Performance and Corrosion/Waste Materials / |c ed. Rudy J. M Konings ; ed. Todd R Allen, Roger E Stoller, Shinsuke Yamanaka |
| 260 | |a Amsterdam : |b Elsevier, |c 2012 | ||
| 300 | |a 736 s. | ||
| 700 | 1 | |a Allen, Todd R. |4 edt | |
| 700 | 1 | |a Stoller, Roger E. |4 edt | |
| 700 | 1 | |a Yamanaka, Shinsuke |4 edt | |
| 996 | |b 284EK90490 |c E* 90490 |l EE36 |s P |a 0 |w 0106890_0001 | ||